| 000 | 00894cam a2200241 a 4500 | ||
|---|---|---|---|
| 001 | 000006655 | ||
| 005 | 20200929153951.0 | ||
| 008 | 840222s1969 cu ab 000 e spa | ||
| 040 |
_aDO-SdBNP _bspa _cCarP _dDLC _dBNPHU |
||
| 082 |
_a985.0633 _bB423p |
||
| 100 | 1 |
_aBéjar Rivera, Héctor, _d1935- _918496 |
|
| 245 | 1 | 0 |
_aPerú 1965: apuntes sobre una experiencia guerrillera : _bensayo / _cHéctor Béjar Rivera. |
| 260 |
_aLa Habana, Cuba : _bCasa de las Américas, _c1969. |
||
| 300 |
_a182 p. : _bil., mapas ; _c19 cm. |
||
| 490 | 1 |
_aPremio casa de las américas _v1969 |
|
| 504 | _aIncluye referencias bibliográficas (p. 181-182). | ||
| 651 | 4 |
_aPerú _xHistoria _y1919-1968. _918497 |
|
| 650 | 4 |
_aGuerrillas _zPerú _918498 |
|
| 651 | 4 |
_aPerú _xPolítica Y Gobierno _97477 |
|
| 830 | 0 |
_aPremio casa de las américas ; _v1969 _918499 |
|
| 910 | _aCatalogación por copia / LC | ||
| 049 | _aBNGR | ||
| 999 |
_c6445 _d6445 |
||